|
|
|
|
| LEADER |
00000nam1a2200000 4500 |
| 001 |
263546 |
| 005 |
20231031222435.0 |
| 035 |
|
|
|a (RuTPU)RU\TPU\book\286531
|
| 090 |
|
|
|a 263546
|
| 100 |
|
|
|a 20140609d1984 k y0rusy50 ca
|
| 101 |
0 |
|
|a rus
|
| 102 |
|
|
|a EE
|
| 200 |
1 |
|
|a Двадцать третье Всесоюзное совещание по физике низких температур
|e 23-25 октября 1984 г., Таллин
|e тезисы докладов
|f Академия наук СССР (АН СССР) ; Академия наук Эстонской ССР (АН ЭССР), Институт химической и биологической физики
|
| 210 |
|
|
|a Таллин
|c Изд-во ИХБФ
|d 1984
|
| 712 |
0 |
2 |
|a Академия наук СССР (АН СССР)
|c (1925-1991)
|2 stltpush
|3 (RuTPU)RU\TPU\col\722
|
| 712 |
0 |
2 |
|a Академия наук Эстонской ССР (АН ЭССР)
|b Институт химической и биологической физики
|2 stltpush
|3 (RuTPU)RU\TPU\col\22198
|
| 712 |
1 |
2 |
|a Всесоюзное совещание по физике низких температур
|d 23
|e Таллин
|f 1984
|4 570
|
| 801 |
|
1 |
|a RU
|b 63413507
|c 20140609
|
| 801 |
|
2 |
|a RU
|b 63413507
|c 20170215
|g RCR
|
| 942 |
|
|
|c BK
|